| 000 | 00622nam a2200217 4500 | ||
|---|---|---|---|
| 003 | OSt | ||
| 005 | 20240619053234.0 | ||
| 006 | a | ||
| 008 | 240619b |||||||| |||| 00| 0 eng d | ||
| 020 | _a9710870211 | ||
| 040 |
_aDWCL-Main lib. _cOC |
||
| 082 | _aFil. 516.15 S686m 2012 | ||
| 100 | _aCabero, Jonathan B | ||
| 245 | _aSolid mensuration / | ||
| 260 |
_aMandaluyong City, Phils. : _bNational Book Store, _cc2012. |
||
| 300 |
_avii, _b114 p. : ill. ; _c25 cm. |
||
| 504 | _aIncludes bibliographical references. | ||
| 650 | _a1. Geometry, Solid. | ||
| 650 | _a2. Measurement. | ||
| 942 |
_2ddc _n0 _cBK - FIL _kFil. |
||
| 999 |
_c884 _d884 |
||